000 00459nam a2200181Ia 4500
001 9984
005 20260306161758.0
008 260306t2011||||xx |||||||||||||| ||spa||
041 _aESP
082 _aPE 869.56
_bM84
100 _aMontoya Rojas, Rodrigo
_eAUT
245 0 _a100 Años del Perú y de José María Arguedas (1911-2011)
260 _c2011
300 _a456 páginas :
_c20 cm.
650 _aGEN
654 _aCHU
942 _cLIB
_dJUS
_fJUS
_2ddc
_n
999 _c9984
_d9984